000 00965nam a2200277Ia 4500
003 OSt
005 20220928125419.0
006 a|||||r|||| 00| 0
007 ta
008 220927b |||||||| |||| 00| 0 eng d
020 _cUSD 255.00
024 _a136150
037 _b014, 06/10/2017, Excel Book International
_cTextual
040 _aSDCL
_cSDCL
_beng
041 _2eng
_aeng
082 _aX:8:(S:44), Q4
100 _aSchneider Benjamin Ed.
_9469499
245 0 _aOxford handbook of organizational climate and culture (Oxford Library of Psychology series)
260 _aNew Delhi
_bOxford University Press
_c2014
300 _axvii,730p.
_ccm.
650 _aPsychology
700 _a Barbera Karen Ed.
_9469500
700 _a Nathan Peter E. Ed.
_9457677
942 _hX:8:(S:44), Q4
_cTEXL
_2CC
999 _c782167
_d782167